[Event "Titled Tuesday 2023.09.19 Early"]
[Site "Chess.com INT"]
[Date "2023.09.19"]
[Round "2"]
[White "Preotu, Razvan"]
[Black "Santos Flores, Alberto Javier"]
[Result "1-0"]
[WhiteElo "2475"]
[BlackElo "2198"]
[WhiteFideId "-1"]
[WhiteFideId "-1"]
[PlyCount "87"]
[GameId "1961207441436672"]
[EventDate "2023.09.19"]
[EventType "swiss (blitz)"]
[EventRounds "11"]
[EventCountry "NET"]
[SourceTitle "EXT 2024"]
[Source "ChessBase"]
[SourceDate "2023.10.10"]
[SourceVersion "1"]
[SourceVersionDate "2023.10.10"]
[SourceQuality "1"]

1. e4 e6 2. d4 d5 3. Nc3 Nf6 4. e5 Nfd7 5. f4 c5 6. Nf3 Nc6 7. Be3 Qb6 8. Na4 Qa5+ 9. c3 b6 10. Bd2 c4 11. b4 Qa6 12. g3 b5 13. Nc5 Nxc5 14. bxc5 Be7 15. a4 bxa4 16. Bh3 a3 17. O-O Bd7 18. Ne1 g6 19. Nc2 a2 20. Ne3 Rb8 21. Qc2 Qb7 22. Rxa2 Qb3 23. Rfa1 Qxc2 24. Nxc2 O-O 25. Nb4 Rb7 26. Nxc6 Bxc6 27. Rxa7 Rxa7 28. Rxa7 Re8 29. g4 Kf8 30. f5 Ra8 31. Rc7 Ba4 32. fxe6 fxe6 33. Bh6+ Ke8 34. Bg7 Bc2 35. Bf6 Ra1+ 36. Kf2 Bf8 37. g5 Bf5 38. Bxf5 gxf5 39. Rxh7 Rc1 40. c6 Ra1 41. c7 Ra8 42. g6 Rc8 43. Kf3 Ra8 44. g7 1-0

[Event "Titled Tuesday 2023.09.19 Early"]
[Site "Chess.com INT"]
[Date "2023.09.19"]
[Round "3"]
[White "Vidit, Santosh Gujrathi"]
[Black "Preotu, Razvan"]
[Result "1-0"]
[WhiteElo "2716"]
[BlackElo "2475"]
[WhiteFideId "-1"]
[WhiteFideId "-1"]
[PlyCount "85"]
[GameId "1961207442427904"]
[EventDate "2023.09.19"]
[EventType "swiss (blitz)"]
[EventRounds "11"]
[EventCountry "NET"]
[SourceTitle "EXT 2024"]
[Source "ChessBase"]
[SourceDate "2023.10.10"]
[SourceVersion "1"]
[SourceVersionDate "2023.10.10"]
[SourceQuality "1"]

1. d4 Nf6 2. c4 g6 3. Nc3 d5 4. cxd5 Nxd5 5. e4 Nxc3 6. bxc3 Bg7 7. Bc4 c5 8. Ne2 Nc6 9. Be3 O-O 10. O-O b6 11. Qd2 Bb7 12. Rfd1 Rc8 13. Rac1 cxd4 14. cxd4 Na5 15. Bd3 Rxc1 16. Rxc1 Qd7 17. h4 Rc8 18. h5 Rxc1+ 19. Qxc1 Qc8 20. Qb1 Nc4 21. Bg5 e6 22. h6 Bf8 23. Qc1 Nd6 24. Qe3 Ba6 25. Bf4 Bxd3 26. Qxd3 Qc4 27. Qxc4 Nxc4 28. Nc3 a6 29. g4 f6 30. g5 fxg5 31. Bxg5 b5 32. e5 b4 33. Ne4 a5 34. Nf6+ Kh8 35. Nd7 Kg8 36. d5 exd5 37. e6 a4 38. Nf6+ Kh8 39. Nxd5 b3 40. axb3 axb3 41. e7 Bxe7 42. Nxe7 b2 43. Bf6# 1-0

[Event "Titled Tuesday 2023.09.19 Early"]
[Site "Chess.com INT"]
[Date "2023.09.19"]
[Round "9"]
[White "Preotu, Razvan"]
[Black "Sanal, Vahap"]
[Result "1-0"]
[WhiteElo "2475"]
[BlackElo "2603"]
[WhiteFideId "-1"]
[WhiteFideId "-1"]
[PlyCount "75"]
[GameId "1961207447322624"]
[EventDate "2023.09.19"]
[EventType "swiss (blitz)"]
[EventRounds "11"]
[EventCountry "NET"]
[SourceTitle "EXT 2024"]
[Source "ChessBase"]
[SourceDate "2023.10.10"]
[SourceVersion "1"]
[SourceVersionDate "2023.10.10"]
[SourceQuality "1"]

1. e4 d6 2. d4 Nf6 3. Nc3 e5 4. Nf3 Nbd7 5. Bc4 Be7 6. O-O O-O 7. a4 c6 8. Re1 h6 9. h3 Re8 10. Be3 exd4 11. Nxd4 Bf8 12. Bf4 Nc5 13. Qf3 Ne6 14. Bxe6 Bxe6 15. Rad1 Bd7 16. e5 dxe5 17. Bxe5 Nh7 18. Nf5 Ng5 19. Qg3 Bxf5 20. Rxd8 Raxd8 21. Re2 f6 22. Bc7 Rxe2 23. Nxe2 Rd1+ 24. Kh2 Bxc2 25. Qc3 Rd7 26. Qxc2 Rxc7 27. Nd4 Bd6+ 28. g3 Be5 29. h4 Nf7 30. Nf5 Rd7 31. f4 Bc7 32. h5 Ba5 33. Kh3 Bb4 34. Qc4 Bf8 35. b4 Rd5 36. Kg4 Rxf5 37. Kxf5 b5 38. Qe6 1-0

[Event "Titled Tuesday 2023.09.19 Early"]
[Site "Chess.com INT"]
[Date "2023.09.19"]
[Round "10"]
[White "Bok, Benjamin"]
[Black "Preotu, Razvan"]
[Result "1-0"]
[WhiteElo "2621"]
[BlackElo "2475"]
[WhiteFideId "-1"]
[WhiteFideId "-1"]
[PlyCount "69"]
[GameId "1961207448141824"]
[EventDate "2023.09.19"]
[EventType "swiss (blitz)"]
[EventRounds "11"]
[EventCountry "NET"]
[SourceTitle "EXT 2024"]
[Source "ChessBase"]
[SourceDate "2023.10.10"]
[SourceVersion "1"]
[SourceVersionDate "2023.10.10"]
[SourceQuality "1"]

1. c4 c5 2. g3 Nf6 3. Bg2 d5 4. cxd5 Nxd5 5. Nc3 Nc7 6. Nf3 Nc6 7. a3 e5 8. b4 cxb4 9. axb4 Bd6 10. b5 Nd4 11. Nxd4 exd4 12. Ne4 Be7 13. b6 Ne6 14. Rxa7 Rb8 15. Qa4+ Bd7 16. Qa5 O-O 17. d3 f5 18. Nd2 Bc5 19. Nc4 f4 20. O-O Bc6 21. Bxc6 bxc6 22. Ba3 Bxa3 23. Qxa3 f3 24. Qe7 Qxe7 25. Rxe7 fxe2 26. Re1 Nc5 27. R1xe2 Nxd3 28. Rc7 Nb4 29. Ree7 Rf6 30. Rxg7+ Kf8 31. Rxh7 Kg8 32. b7 Nd5 33. Rcg7+ Kf8 34. Rh8+ Kxg7 35. Rxb8 1-0

[Event "Titled Tuesday 2023.09.19 Early"]
[Site "chess.com INT"]
[Date "2023.09.19"]
[Round "4"]
[White "Preotu, Razvan"]
[Black "Sherman, Reem"]
[Result "1-0"]
[WhiteElo "2475"]
[BlackElo "2304"]
[WhiteFideId "-1"]
[WhiteFideId "-1"]
[PlyCount "95"]
[GameId "2130307553998020"]
[EventDate "2023.09.19"]
[EventType "swiss (blitz)"]
[EventRounds "11"]
[EventCountry "NET"]
[SourceTitle "The Week in Chess 1507"]
[Source "Mark Crowther"]
[SourceDate "2023.09.25"]
[SourceVersion "1"]
[SourceVersionDate "2023.09.25"]
[SourceQuality "2"]

1. e4 c5 2. Nf3 g6 3. d4 cxd4 4. Nxd4 Bg7 5. c4 Nc6 6. Be3 Nf6 7. Nc3 O-O 8. Be2 d6 9. O-O Bd7 10. Nc2 a5 11. f4 Nb4 12. Na3 Bc6 13. Bf3 Qc8 14. Nd5 Nfxd5 15. cxd5 Bd7 16. Rc1 Qd8 17. Nc4 Nxa2 18. Ra1 Nb4 19. Bb6 Qc8 20. Qb3 Na6 21. Bxa5 Qc5+ 22. Kh1 b5 23. Nb6 Ra7 24. Rfc1 Qf2 25. Nxd7 Rxd7 26. Qxb5 Nb8 27. Bc3 Bxc3 28. Rxc3 Qd2 29. g3 Rdd8 30. Ra7 Qf2 31. Rb7 Nd7 32. Qe2 Qd4 33. Rc4 Qf6 34. b4 Qa1+ 35. Kg2 Qa6 36. Rcc7 Qa4 37. Qc2 Qxc2+ 38. Rxc2 Nf6 39. Rxe7 Rb8 40. e5 Ne8 41. Rc6 Rxb4 42. exd6 Rb8 43. d7 Ng7 44. g4 Rfd8 45. Rf6 Rf8 46. d6 Rbd8 47. Bd5 Ne6 48. Rfxf7 1-0

[Event "Titled Tuesday 2023.09.19 Early"]
[Site "chess.com INT"]
[Date "2023.09.19"]
[Round "5"]
[White "Preotu, Razvan"]
[Black "Ozates, Tuna"]
[Result "1-0"]
[WhiteElo "2475"]
[BlackElo "2309"]
[WhiteFideId "-1"]
[WhiteFideId "-1"]
[PlyCount "71"]
[GameId "2130307554002184"]
[EventDate "2023.09.19"]
[EventType "swiss (blitz)"]
[EventRounds "11"]
[EventCountry "NET"]
[SourceTitle "The Week in Chess 1507"]
[Source "Mark Crowther"]
[SourceDate "2023.09.25"]
[SourceVersion "1"]
[SourceVersionDate "2023.09.25"]
[SourceQuality "2"]

1. e4 e5 2. Nf3 Nc6 3. Bc4 Bc5 4. c3 Nf6 5. d3 d6 6. O-O O-O 7. Re1 a5 8. h3 Ba7 9. Nbd2 Ne7 10. d4 Ng6 11. Bd3 Nf4 12. Bc2 Re8 13. Nf1 N6h5 14. Kh2 Qf6 15. Ng3 h6 16. Be3 g5 17. Nxh5 Nxh5 18. Nxe5 dxe5 19. Qxh5 exd4 20. cxd4 Bxd4 21. Bxd4 Qxd4 22. Qxh6 Qe5+ 23. Kg1 Re6 24. Qh5 Rg6 25. Bb3 Be6 26. Bxe6 Rxe6 27. Rad1 Rg6 28. Rd5 Qxb2 29. Rxg5 Raa6 30. Rd1 Kg7 31. Rd8 Qc1+ 32. Kh2 Qf4+ 33. Rg3 Qh6 34. Qe5+ Raf6 35. Qe8 Qh7 36. Qf8# 1-0

[Event "Titled Tuesday 2023.09.19 Early"]
[Site "chess.com INT"]
[Date "2023.09.19"]
[Round "7"]
[White "Prestia, Paris"]
[Black "Preotu, Razvan"]
[Result "0-1"]
[WhiteElo "2059"]
[BlackElo "2475"]
[WhiteFideId "-1"]
[WhiteFideId "-1"]
[PlyCount "118"]
[GameId "2130307554006390"]
[EventDate "2023.09.19"]
[EventType "swiss (blitz)"]
[EventRounds "11"]
[EventCountry "NET"]
[SourceTitle "The Week in Chess 1507"]
[Source "Mark Crowther"]
[SourceDate "2023.09.25"]
[SourceVersion "1"]
[SourceVersionDate "2023.09.25"]
[SourceQuality "2"]

1. d4 Nf6 2. c4 g6 3. Nc3 d5 4. Nf3 Bg7 5. Bf4 O-O 6. e3 c5 7. dxc5 Ne4 8. Be5 Bxe5 9. Nxe5 Nxc3 10. bxc3 Qc7 11. Qd4 f6 12. Nf3 Nc6 13. Qxd5+ Kg7 14. Nd4 Rd8 15. Qe4 e5 16. Nxc6 bxc6 17. Be2 Bf5 18. Qf3 h5 19. h3 Rab8 20. g4 e4 21. Qg2 Qe5 22. Rc1 hxg4 23. hxg4 Be6 24. f4 exf3 25. Qxf3 Rh8 26. Kf2 Rh2+ 27. Rxh2 Qxh2+ 28. Qg2 Qxg2+ 29. Kxg2 Rb2 30. Kf3 Bxg4+ 31. Kxg4 Rxe2 32. Kf3 Rxa2 33. Rd1 Ra5 34. Rd7+ Kh6 35. Rd6 Rxc5 36. Rxf6 Rxc4 37. Rf7 a5 38. Ra7 a4 39. Ke2 Rxc3 40. Rxa4 Kg5 41. Kf3 Kf5 42. Ra5+ c5 43. Ra8 c4 44. Rc8 Rc1 45. Rc5+ Kf6 46. Kf4 c3 47. Rc6+ Kf7 48. Kg5 c2 49. Rc7+ Ke8 50. Kf6 Rf1+ 51. Ke6 c1=Q 52. Re7+ Kd8 53. Rd7+ Kc8 54. Rd6 Qxe3+ 55. Kd5 Rd1+ 56. Kc6 Qc3+ 57. Kb6 Rxd6+ 58. Kb5 Rd5+ 59. Ka6 Qa5# 0-1

[Event "Titled Tuesday 2023.09.19 Early"]
[Site "chess.com INT"]
[Date "2023.09.19"]
[Round "8"]
[White "Preotu, Razvan"]
[Black "Domingo Nunez, Ruben"]
[Result "1-0"]
[WhiteElo "2475"]
[BlackElo "2417"]
[WhiteFideId "-1"]
[WhiteFideId "-1"]
[PlyCount "51"]
[GameId "2130307554006425"]
[EventDate "2023.09.19"]
[EventType "swiss (blitz)"]
[EventRounds "11"]
[EventCountry "NET"]
[SourceTitle "The Week in Chess 1507"]
[Source "Mark Crowther"]
[SourceDate "2023.09.25"]
[SourceVersion "1"]
[SourceVersionDate "2023.09.25"]
[SourceQuality "2"]

1. e4 g6 2. d4 Bg7 3. Nc3 c6 4. Be3 d5 5. e5 f6 6. f4 Nh6 7. Qd2 Nf5 8. O-O-O O-O 9. Kb1 fxe5 10. fxe5 Nxe3 11. Qxe3 Bg4 12. Be2 Bxe2 13. Ngxe2 e6 14. h4 h5 15. g4 hxg4 16. Qg3 Qe8 17. Qxg4 Qf7 18. h5 Qf5 19. Qg2 gxh5 20. Rdg1 Qg4 21. Qh2 Qf5 22. Ng3 Qf4 23. Qxh5 Rf7 24. Nf5 Kf8 25. Qh8+ Bxh8 26. Rxh8# 1-0

[Event "Titled Tuesday 2023.09.19 Early"]
[Site "chess.com INT"]
[Date "2023.09.19"]
[Round "11"]
[White "Preotu, Razvan"]
[Black "Ismagilov, Damir"]
[Result "1-0"]
[WhiteElo "2475"]
[BlackElo "2150"]
[WhiteFideId "-1"]
[WhiteFideId "-1"]
[PlyCount "63"]
[GameId "2130307554014742"]
[EventDate "2023.09.19"]
[EventType "swiss (blitz)"]
[EventRounds "11"]
[EventCountry "NET"]
[SourceTitle "The Week in Chess 1507"]
[Source "Mark Crowther"]
[SourceDate "2023.09.25"]
[SourceVersion "1"]
[SourceVersionDate "2023.09.25"]
[SourceQuality "2"]

1. e4 e5 2. Nf3 Nc6 3. Bc4 Bc5 4. c3 Nf6 5. d3 d6 6. O-O h6 7. b4 Bb6 8. Re1 O-O 9. Nbd2 Ne7 10. Bb3 c6 11. d4 Ng6 12. h3 Bc7 13. dxe5 dxe5 14. Qc2 Nh5 15. Bc4 Qf6 16. Bf1 Be6 17. Nh2 Ngf4 18. Nb3 Rad8 19. Be3 b6 20. a4 Qg6 21. Kh1 Rd7 22. a5 f5 23. axb6 axb6 24. g3 fxe4 25. gxf4 exf4 26. Bd4 f3 27. Qxe4 Qxe4 28. Rxe4 Bxb3 29. Ra7 Rff7 30. Re8+ Kh7 31. Bd3+ g6 32. Rh8# 1-0

[Event "Titled Tuesday 2023.09.12 Early"]
[Site "Chess.com INT"]
[Date "2023.09.12"]
[Round "9"]
[White "Vlassov, Nikolai"]
[Black "Preotu, Razvan"]
[Result "1-0"]
[WhiteElo "2283"]
[BlackElo "2475"]
[WhiteFideId "-1"]
[WhiteFideId "-1"]
[PlyCount "79"]
[GameId "1958671019032576"]
[EventDate "2023.09.12"]
[EventType "swiss (blitz)"]
[EventRounds "11"]
[EventCountry "NET"]
[SourceTitle "EXT 2024"]
[Source "ChessBase"]
[SourceDate "2023.10.10"]
[SourceVersion "1"]
[SourceVersionDate "2023.10.10"]
[SourceQuality "1"]

1. e4 c5 2. c3 Nf6 3. e5 Nd5 4. d4 cxd4 5. cxd4 d6 6. Bc4 Nb6 7. Bb3 dxe5 8. Qh5 e6 9. dxe5 Nc6 10. Nc3 Qd3 11. Bf4 Bb4 12. Nge2 Bxc3+ 13. Nxc3 Nd4 14. Rd1 Nc2+ 15. Bxc2 Qxc2 16. O-O O-O 17. Rd2 Qg6 18. Qh3 Nd5 19. Nxd5 exd5 20. Qg3 Qxg3 21. Bxg3 Be6 22. Rc1 Rac8 23. Rdc2 Rxc2 24. Rxc2 d4 25. f4 Bxa2 26. Rc7 d3 27. Rd7 Bc4 28. Kf2 Bb5 29. Rd5 a6 30. Ke3 Re8 31. Be1 f6 32. Bc3 Kf7 33. g4 h5 34. gxh5 Ke6 35. Rd6+ Kf5 36. h6 fxe5 37. Bxe5 g5 38. Rf6+ Kg4 39. h7 d2 40. Kxd2 1-0

[Event "Excelsior September op"]
[Site "Toronto CAN"]
[Date "2023.09.06"]
[Round "1.4"]
[White "Moses, Neil"]
[Black "Preotu, Razvan"]
[Result "0-1"]
[WhiteElo "1913"]
[BlackElo "2475"]
[WhiteFideId "-1"]
[WhiteFideId "-1"]
[PlyCount "56"]
[GameId "2160767907047220"]
[EventDate "2023.09.06"]
[EventType "swiss"]
[EventRounds "9"]
[EventCountry "CAN"]
[SourceTitle "10 Days #735"]
[Source "ChessMix "]
[SourceDate "2023.09.20"]
[SourceVersion "1"]
[SourceVersionDate "2023.09.20"]
[SourceQuality "1"]

1. e4 c5 2. Nf3 d6 3. d4 cxd4 4. Nxd4 Nf6 5. Nc3 a6 6. f3 e5 7. Nb3 Be6 8. Nd5 Nxd5 9. exd5 Bf5 10. Be3 Be7 11. Bd3 Bg6 12. O-O Nd7 13. c4 Bg5 14. f4 Bh6 15. Qd2 Bxd3 16. Qxd3 O-O 17. Rac1 Rc8 18. Qf5 Nf6 19. Rf3 Re8 20. Rcf1 Rxc4 21. Nd2 Rb4 22. a3 Rb5 23. Nc4 e4 24. R3f2 Rxd5 25. Qh3 Rd3 26. Rd2 b5 27. Rxd3 exd3 28. Nd2 Nd5 0-1

[Event "Excelsior September op"]
[Site "Toronto CAN"]
[Date "2023.09.06"]
[Round "2.1"]
[White "Preotu, Razvan"]
[Black "Mikhalevski, Victor"]
[Result "1/2-1/2"]
[WhiteElo "2475"]
[BlackElo "2511"]
[WhiteFideId "-1"]
[WhiteFideId "-1"]
[PlyCount "58"]
[GameId "2160767907047222"]
[EventDate "2023.09.06"]
[EventType "swiss"]
[EventRounds "9"]
[EventCountry "CAN"]
[SourceTitle "10 Days #735"]
[Source "ChessMix "]
[SourceDate "2023.09.20"]
[SourceVersion "1"]
[SourceVersionDate "2023.09.20"]
[SourceQuality "1"]

1. e4 c5 2. Nf3 d6 3. d4 cxd4 4. Nxd4 Nf6 5. Nc3 a6 6. Bg5 Nbd7 7. a3 b5 8. Nd5 Bb7 9. Bxf6 Nxf6 10. Nxf6+ gxf6 11. Qh5 Qc7 12. O-O-O Qc5 13. Qe2 O-O-O 14. Kb1 Kb8 15. h4 Rc8 16. g3 e6 17. Bg2 Rg8 18. Nb3 Qb6 19. Rd4 f5 20. Rhd1 Rc4 21. Rxc4 bxc4 22. Qxc4 fxe4 23. Bxe4 d5 24. Qa4 dxe4 25. Qe8+ Bc8 26. Qxf7 Rh8 27. Qf6 Rg8 28. Qf7 Rh8 29. Qf6 Rg8 1/2-1/2

[Event "Excelsior September op"]
[Site "Toronto CAN"]
[Date "2023.09.07"]
[Round "4.1"]
[White "Preotu, Razvan"]
[Black "Sambuev, Bator"]
[Result "1-0"]
[WhiteElo "2475"]
[BlackElo "2480"]
[WhiteFideId "-1"]
[WhiteFideId "-1"]
[PlyCount "83"]
[GameId "2160767907047232"]
[EventDate "2023.09.06"]
[EventType "swiss"]
[EventRounds "9"]
[EventCountry "CAN"]
[SourceTitle "10 Days #735"]
[Source "ChessMix "]
[SourceDate "2023.09.20"]
[SourceVersion "1"]
[SourceVersionDate "2023.09.20"]
[SourceQuality "1"]

1. e4 e5 2. Nf3 Nc6 3. Bc4 Nf6 4. d3 h6 5. O-O d6 6. a4 g6 7. Nc3 Bg7 8. h3 Nh7 9. Nh2 Be6 10. Bxe6 fxe6 11. Qg4 Qf6 12. f4 h5 13. Qg3 O-O 14. Be3 h4 15. Qg4 Bh6 16. Ne2 Kg7 17. Kh1 Qe7 18. Nf3 exf4 19. Nxf4 Bxf4 20. Bxf4 Nf6 21. Qxh4 Rh8 22. Qg5 Rh5 23. Qg3 Nh7 24. Bd2 e5 25. Rf2 Rf8 26. Raf1 Nd8 27. Nh2 Rxf2 28. Qxf2 c5 29. Ng4 Ne6 30. b4 cxb4 31. Qxa7 Nd4 32. Bxb4 Qd7 33. Bd2 Rh4 34. Rb1 Qxg4 35. Rxb7+ Kg8 36. Rg7+ Kh8 37. Rxh7+ Rxh7 38. Qxh7+ Kxh7 39. hxg4 Nxc2 40. a5 Nd4 41. a6 Nb5 42. Bb4 1-0

[Event "Excelsior September op"]
[Site "Toronto CAN"]
[Date "2023.09.08"]
[Round "5.1"]
[White "Almeida Quintana, Omar"]
[Black "Preotu, Razvan"]
[Result "1-0"]
[WhiteElo "2504"]
[BlackElo "2475"]
[WhiteFideId "-1"]
[WhiteFideId "-1"]
[PlyCount "69"]
[GameId "2160767907047239"]
[EventDate "2023.09.06"]
[EventType "swiss"]
[EventRounds "9"]
[EventCountry "CAN"]
[SourceTitle "10 Days #735"]
[Source "ChessMix "]
[SourceDate "2023.09.20"]
[SourceVersion "1"]
[SourceVersionDate "2023.09.20"]
[SourceQuality "1"]

1. d4 d5 2. Nf3 Nf6 3. c4 c6 4. e3 Bf5 5. Nc3 e6 6. Nh4 Be4 7. f3 Bg6 8. g3 Be7 9. Qb3 Qc7 10. Bd2 dxc4 11. Bxc4 Nd5 12. Nxg6 hxg6 13. Ne2 O-O 14. e4 Nb6 15. Bf4 Bd6 16. Bxe6 Bxf4 17. Nxf4 g5 18. Nh3 fxe6 19. Nxg5 Qe7 20. Nxe6 Rxf3 21. Qxf3 Qxe6 22. O-O N8d7 23. b3 Rf8 24. Qd3 Re8 25. Rf4 c5 26. dxc5 Nxc5 27. Qb5 Qe7 28. Rc1 Ne6 29. Rh4 Ng5 30. Rf1 Qe5 31. Qb4 Nd7 32. Qxb7 Qd4+ 33. Kh1 Nxe4 34. Qb5 Rd8 35. Qf5 1-0

[Event "Excelsior September op"]
[Site "Toronto CAN"]
[Date "2023.09.09"]
[Round "7.1"]
[White "Mendes, Aaron Reeve"]
[Black "Preotu, Razvan"]
[Result "0-1"]
[WhiteElo "2250"]
[BlackElo "2475"]
[WhiteFideId "-1"]
[WhiteFideId "-1"]
[PlyCount "132"]
[GameId "2160767907047252"]
[EventDate "2023.09.06"]
[EventType "swiss"]
[EventRounds "9"]
[EventCountry "CAN"]
[SourceTitle "10 Days #735"]
[Source "ChessMix "]
[SourceDate "2023.09.20"]
[SourceVersion "1"]
[SourceVersionDate "2023.09.20"]
[SourceQuality "1"]

1. e4 c6 2. c4 d5 3. exd5 cxd5 4. cxd5 Nf6 5. Nc3 Nxd5 6. Nf3 Nc6 7. Bb5 Nxc3 8. bxc3 Qd5 9. Qe2 Bg4 10. Bc4 Bxf3 11. Bxd5 Bxe2 12. Kxe2 Rc8 13. Rb1 b6 14. d3 e6 15. Bc4 Bd6 16. Be3 Ne5 17. Bb5+ Ke7 18. c4 Ng4 19. h3 Nxe3 20. fxe3 h5 21. d4 h4 22. e4 f6 23. Ba6 Rcd8 24. Rhd1 Bc7 25. a4 Rh5 26. Rb5 Rh6 27. Rb3 Rg6 28. Kf1 e5 29. d5 Bd6 30. a5 Bc5 31. axb6 axb6 32. Bb7 Rd7 33. Bc6 Ra7 34. d6+ Kd8 35. Rb2 Rg3 36. Rbd2 Raa3 37. d7 g5 38. Bd5 Kxd7 39. Bf7+ Bd4 40. Bh5 Kc6 41. Rc2 Kc5 42. Bf3 Raxf3+ 43. gxf3 Rxh3 44. Ke2 Rh2+ 45. Kd3 Rxc2 46. Kxc2 Kxc4 47. Kd2 b5 48. Rc1+ Kb3 49. Rc6 h3 50. Rxf6 h2 51. Rh6 Bg1 52. Ke2 b4 53. Kf1 Kc4 54. Kg2 b3 55. Rd6 b2 56. Rd1 Kb3 57. Kh1 Kc2 58. Rf1 b1=Q 59. Rxb1 Kxb1 60. Kg2 Kc2 61. Kh1 Kd3 62. Kg2 Ke3 63. Kh1 Kf2 64. f4 g4 65. f5 g3 66. f6 g2# 0-1

[Event "Excelsior September op"]
[Site "Toronto CAN"]
[Date "2023.09.10"]
[Round "8.2"]
[White "Joseph, Jonath"]
[Black "Preotu, Razvan"]
[Result "0-1"]
[WhiteElo "1896"]
[BlackElo "2475"]
[WhiteFideId "-1"]
[WhiteFideId "-1"]
[PlyCount "72"]
[GameId "2160767907047259"]
[EventDate "2023.09.06"]
[EventType "swiss"]
[EventRounds "9"]
[EventCountry "CAN"]
[SourceTitle "10 Days #735"]
[Source "ChessMix "]
[SourceDate "2023.09.20"]
[SourceVersion "1"]
[SourceVersionDate "2023.09.20"]
[SourceQuality "1"]

1. e4 c5 2. Nf3 d6 3. c3 Nf6 4. Be2 g6 5. O-O Bg7 6. Bb5+ Nc6 7. Re1 O-O 8. a4 e5 9. d4 exd4 10. Bxc6 bxc6 11. cxd4 d5 12. exd5 Nxd5 13. Nc3 Bg4 14. Nxd5 Qxd5 15. dxc5 Qxc5 16. Be3 Qb4 17. Rc1 Rfd8 18. Qe2 Qxa4 19. Bg5 Rdb8 20. h3 Be6 21. Ne5 Rb5 22. f4 h6 23. Be7 Qxf4 24. Nxc6 Rxb2 25. Rc2 Rxc2 26. Qxc2 Rc8 27. Ba3 Kh7 28. Rd1 Qe3+ 29. Qf2 Qxf2+ 30. Kxf2 Rxc6 31. g4 Rc3 32. Bd6 Rxh3 33. g5 hxg5 34. Kg2 g4 35. Bg3 a5 36. Rd3 Be5 0-1

[Event "Excelsior September op"]
[Site "Toronto CAN"]
[Date "2023.09.10"]
[Round "9.2"]
[White "Preotu, Razvan"]
[Black "Singh Dhaliwal, Jaipreet"]
[Result "1-0"]
[WhiteElo "2475"]
[BlackElo "1898"]
[WhiteFideId "-1"]
[WhiteFideId "-1"]
[PlyCount "71"]
[GameId "2160767907047264"]
[EventDate "2023.09.06"]
[EventType "swiss"]
[EventRounds "9"]
[EventCountry "CAN"]
[SourceTitle "10 Days #735"]
[Source "ChessMix "]
[SourceDate "2023.09.20"]
[SourceVersion "1"]
[SourceVersionDate "2023.09.20"]
[SourceQuality "1"]

1. d4 Nf6 2. c4 g6 3. Nc3 Bg7 4. e4 d6 5. h3 O-O 6. Be3 e5 7. d5 a5 8. g4 Na6 9. Nge2 Nc5 10. Ng3 Qe7 11. Qd2 Ne8 12. O-O-O a4 13. Be2 Bd7 14. h4 c6 15. h5 b6 16. Rh2 f6 17. hxg6 hxg6 18. Rdh1 Kf7 19. Rh7 Rg8 20. R1h6 Rd8 21. Qd1 a3 22. b4 Na6 23. dxc6 Be6 24. Nd5 Bxd5 25. cxd5 Nac7 26. Qh1 Kf8 27. Rxg6 Qf7 28. Qh5 Nxd5 29. Bc4 Nec7 30. Rgxg7 Rxg7 31. Rh8+ Rg8 32. Bh6+ Ke7 33. Nf5+ Ke6 34. exd5+ Nxd5 35. Bxd5+ Kxd5 36. Qxf7+ 1-0

[Event "Annex op"]
[Site "Toronto CAN"]
[Date "2023.09.02"]
[Round "1"]
[White "Barron, Michael"]
[Black "Preotu, Razvan"]
[Result "1/2-1/2"]
[WhiteElo "2108"]
[BlackElo "2475"]
[WhiteFideId "-1"]
[WhiteFideId "-1"]
[PlyCount "85"]
[GameId "2160767907047376"]
[EventDate "2023.09.02"]
[EventType "swiss"]
[EventRounds "6"]
[EventCountry "CAN"]
[SourceTitle "CBM 216 Extra"]
[Source "ChessBase"]
[SourceDate "2023.11.30"]
[SourceVersion "1"]
[SourceVersionDate "2023.11.30"]
[SourceQuality "1"]

1. e4 c5 2. Nf3 d6 3. d4 cxd4 4. Nxd4 Nf6 5. f3 e5 6. Nb3 d5 7. Bg5 d4 8. c3 Nc6 9. cxd4 Bb4+ 10. Bd2 Nxe4 11. Bxb4 Qh4+ 12. g3 Nxg3 13. hxg3 Qxh1 14. Bd6 Bh3 15. N1d2 O-O-O 16. dxe5 Rhe8 17. Qc2 Rxd6 18. O-O-O Rxe5 19. Qxh7 Rh6 20. Qg8+ Kc7 21. Qxf7+ Re7 22. Qf4+ Ne5 23. Bb5 Qg2 24. Nc4 Rf6 25. Qd4 Nd7 26. Nc5 Qxg3 27. Bxd7 Qf4+ 28. Qxf4+ Rxf4 29. b3 Bxd7 30. Rxd7+ Rxd7 31. Ne6+ Kb8 32. Nxf4 Rf7 33. Ne6 Rxf3 34. Nxg7 Rf1+ 35. Kc2 Rf2+ 36. Nd2 b5 37. Ne6 Kb7 38. Nc5+ Kb6 39. Nd3 Rh2 40. Kc3 a5 41. Nf4 b4+ 42. Kd3 a4 43. bxa4 1/2-1/2

[Event "Annex op"]
[Site "Toronto CAN"]
[Date "2023.09.02"]
[Round "2"]
[White "Preotu, Razvan"]
[Black "Singh, Mahip"]
[Result "0-1"]
[WhiteElo "2475"]
[BlackElo "1850"]
[WhiteFideId "-1"]
[WhiteFideId "-1"]
[PlyCount "86"]
[GameId "2160767907047388"]
[EventDate "2023.09.02"]
[EventType "swiss"]
[EventRounds "6"]
[EventCountry "CAN"]
[SourceTitle "CBM 216 Extra"]
[Source "ChessBase"]
[SourceDate "2023.11.30"]
[SourceVersion "1"]
[SourceVersionDate "2023.11.30"]
[SourceQuality "1"]

1. e4 e5 2. Nf3 Nc6 3. Bc4 Nf6 4. d3 Bc5 5. Bg5 h6 6. Bh4 d6 7. c3 g5 8. Bg3 Bb6 9. Nbd2 Qe7 10. O-O Bg4 11. b4 a5 12. b5 Nd8 13. d4 Ne6 14. dxe5 dxe5 15. Bxe5 O-O-O 16. Qc2 Rhg8 17. Bxe6+ Bxe6 18. Bd4 g4 19. Ne5 Rxd4 20. cxd4 Bxd4 21. Ndc4 Qc5 22. Rac1 Bxe5 23. Qe2 Bxc4 24. Rxc4 Qb6 25. Rfc1 Kb8 26. Rc5 Bd6 27. Rf5 Nd7 28. Rxf7 Ne5 29. Rf6 h5 30. Rh6 h4 31. Kh1 Rf8 32. Rf1 Qd4 33. Rxh4 Nd3 34. f3 g3 35. hxg3 Bxg3 36. Rh3 Rh8 37. e5 Rxh3+ 38. gxh3 Qh4 39. Kg1 Nf4 40. Qd2 Nxh3+ 41. Kg2 Nf4+ 42. Kg1 Qg5 43. Qc2 Bf2+ 0-1